Nghiên cứu chiết tách và xác định các thành phần hóa học của dịch chiết nhân hạt gấc
Xác định một số chỉ tiêu hóa lý của nhân hạt gấc. Khảo sát một số điều kiện chiết tách thích hợp. Xác định thành phần hóa học, công thức cấu tạo của một số cấu tử chính trong dịch chiết nhân hạt gấc.
Αποθηκεύτηκε σε:
| Κύριος συγγραφέας: | |
|---|---|
| Άλλοι συγγραφείς: | |
| Μορφή: | Βιβλίο |
| Έκδοση: |
Đà Nẵng
Đại học Sư phạm, Đại học Đà Nẵng
2012
|
| Θέματα: | |
| Ετικέτες: |
Προσθήκη ετικέτας
Δεν υπάρχουν, Καταχωρήστε ετικέτα πρώτοι!
|
| Thư viện lưu trữ: | Mạng thư viện Đại học Đà Nẵng |
|---|
| LEADER | 01914nam a2200337 4500 | ||
|---|---|---|---|
| 001 | 000017576 | ||
| 003 | 13995 | ||
| 005 | 20130510100515.0 | ||
| 008 | 130425s2012 sd | ||
| 082 | |a 615.19 |b HU-A | ||
| 100 | 1 | |a Huỳnh Thị Mai Anh | |
| 245 | |a Nghiên cứu chiết tách và xác định các thành phần hóa học của dịch chiết nhân hạt gấc |c Huỳnh Thị Mai Anh ; Trần Đức Mạnh hướng dẫn |k Khóa luận tốt nghiệp | ||
| 260 | |a Đà Nẵng |b Đại học Sư phạm, Đại học Đà Nẵng |c 2012 | ||
| 300 | |a 47 tr., phụ lục 6 tr. |b Hình mh. |c 29 cm. |e Đĩa CD, bản tóm tắt | ||
| 500 | |a Khóa luận tốt nghiệp đại học. Chuyên ngành: Cử nhân Hóa Dược | ||
| 504 | |a Mục lục đầu trang, tài liệu tham khảo tr. 73 - 74, phụ lục [13 tr.] | ||
| 520 | |a Xác định một số chỉ tiêu hóa lý của nhân hạt gấc. Khảo sát một số điều kiện chiết tách thích hợp. Xác định thành phần hóa học, công thức cấu tạo của một số cấu tử chính trong dịch chiết nhân hạt gấc. | ||
| 600 | 1 | 4 | |b Vua |c Đinh Tiên Hoàng |
| 650 | 0 | 4 | |a Dịch chiết nhân hạt gấc |v Khóa luận tốt nghiệp |x Nghiên cứu, chiết tách |x Thành phần hóa học |
| 653 | |a Khoa Hóa học |a Hợp chất hóa học |a Dịch chiết nhân hạt gấc | ||
| 700 | |a Trần Đức Mạnh |e Hướng dẫn | ||
| OWN | |a LSP | ||
| AVA | |a UDN50 |b LSP |d 615.19 HU-A |e available |t Error 5001 Not defined in file expand_doc_bib_avail. |f 1 |g 0 |h N |i 0 |k 1 | ||
| 999 | |a From the UDN01 | ||
| AVA | |a UDN50 |b LSP |d 615.19 HU-A |e available |t Error 5001 Not defined in file expand_doc_bib_avail. |f 1 |g 0 |h N |i 0 |k 1 | ||
| TYP | |a Monograph | ||
| TYP | |a Printed language | ||
| 980 | |a Mạng thư viện Đại học Đà Nẵng | ||